<?xml version="1.0" encoding="UTF-8"?><?xml-stylesheet type="text/xsl" href="static/style.xsl"?><OAI-PMH xmlns="http://www.openarchives.org/OAI/2.0/" xmlns:xsi="http://www.w3.org/2001/XMLSchema-instance" xsi:schemaLocation="http://www.openarchives.org/OAI/2.0/ http://www.openarchives.org/OAI/2.0/OAI-PMH.xsd"><responseDate>2026-04-18T03:42:55Z</responseDate><request verb="GetRecord" identifier="oai:www.recercat.cat:2117/446296" metadataPrefix="marc">https://recercat.cat/oai/request</request><GetRecord><record><header><identifier>oai:recercat.cat:2117/446296</identifier><datestamp>2026-02-07T06:35:10Z</datestamp><setSpec>com_2072_1033</setSpec><setSpec>col_2072_452950</setSpec></header><metadata><record xmlns="http://www.loc.gov/MARC21/slim" xmlns:dcterms="http://purl.org/dc/terms/" xmlns:xsi="http://www.w3.org/2001/XMLSchema-instance" xmlns:doc="http://www.lyncode.com/xoai" xsi:schemaLocation="http://www.loc.gov/MARC21/slim http://www.loc.gov/standards/marcxml/schema/MARC21slim.xsd">
   <leader>00925njm 22002777a 4500</leader>
   <datafield ind2=" " ind1=" " tag="042">
      <subfield code="a">dc</subfield>
   </datafield>
   <datafield ind2=" " ind1=" " tag="720">
      <subfield code="a">Carrillo, Jose A.</subfield>
      <subfield code="e">author</subfield>
   </datafield>
   <datafield ind2=" " ind1=" " tag="720">
      <subfield code="a">Estrada Rodríguez, Gissell</subfield>
      <subfield code="e">author</subfield>
   </datafield>
   <datafield ind2=" " ind1=" " tag="720">
      <subfield code="a">Tang, Sui</subfield>
      <subfield code="e">author</subfield>
   </datafield>
   <datafield ind2=" " ind1=" " tag="720">
      <subfield code="a">Mikolas, Laszlo</subfield>
      <subfield code="e">author</subfield>
   </datafield>
   <datafield ind2=" " ind1=" " tag="260">
      <subfield code="c">2025-02-07</subfield>
   </datafield>
   <datafield ind2=" " ind1=" " tag="520">
      <subfield code="a">We address the inverse problem of identifying nonlocal interaction potentials in nonlinearaggregation–di¿usion equations from noisy discrete trajectory data. Our approachinvolves formulating and solving a regularized variational problem, which requires min-imizing a quadratic error functional across a set of hypothesis functions, further aug-mented by a sparsity-enhancing regularizer. We employ a partial inversion algorithm,akin to the CoSaMP and subspace pursuit algorithms, to solve the basis pursuit problem.A key theoretical contribution is our novel stability estimate for the PDEs, validatingthe error functional ability in controlling the 2-Wasserstein distance between solutions generated using the true and estimated interaction potentials. Our work also includes anerror analysis of estimators caused by discretization and observational errors in practicalimplementations. We demonstrate the e¿ectiveness of the methods through various 1Dand 2D examples showcasing collective behaviors.</subfield>
   </datafield>
   <datafield ind2=" " ind1=" " tag="520">
      <subfield code="a">J.A.C. and G.E.R. were supported by the Advanced Grant Nonlocal-CPD (Nonlocal PDEs for Complex Particle Dynamics: Phase Transitions, Patterns and Synchronization) of the European Research Council Executive Agency (ERC) under the European Union's Horizon 2020 research and innovation programme (grant agreement no. 883363). J.A.C. was also partially supported by EPSRC grant numbers EP/T022132/1 and EP/V051121/1. G.E.R. acknowledges the support from the research group 2021 SGR 00087 and the project macroKNIGHTs (PID2022-143012NA-100) funded by the Spanish Ministry of Science and Innovation. L.M. was supported by the EPSRC Centre for Doctoral Training in Mathematics of Random Systems: Analysis, Modelling and Simulation (EP/S023925/1). S.T. received partial support from the Hellman Faculty Fellowship and the Faculty Early Career Development 
Awards, funded by the University of California Santa Barbara and the NSF
DMS under grant numbers 2111303 and 2340631. S.T. extends gratitude to Ben
Adcock for valuable discussions on LASSO. Additionally, a portion of this research was conducted during visits by J.A.C. and S.T. to the Simons Institute for the Theory of Computing. L.M. wants to thank Ben Hambly and Markus Schmidtchen for their helpful comments and suggestions.</subfield>
   </datafield>
   <datafield ind2=" " ind1=" " tag="520">
      <subfield code="a">Peer Reviewed</subfield>
   </datafield>
   <datafield ind2=" " ind1=" " tag="520">
      <subfield code="a">Postprint (published version)</subfield>
   </datafield>
   <datafield tag="653" ind2=" " ind1=" ">
      <subfield code="a">Àrees temàtiques de la UPC::Matemàtiques i estadística::Equacions diferencials i integrals::Equacions en derivades parcials</subfield>
   </datafield>
   <datafield tag="653" ind2=" " ind1=" ">
      <subfield code="a">Àrees temàtiques de la UPC::Matemàtiques i estadística::Anàlisi numèrica</subfield>
   </datafield>
   <datafield tag="653" ind2=" " ind1=" ">
      <subfield code="a">nverse problem</subfield>
   </datafield>
   <datafield tag="653" ind2=" " ind1=" ">
      <subfield code="a">aggregation–di¿usion equation</subfield>
   </datafield>
   <datafield tag="653" ind2=" " ind1=" ">
      <subfield code="a">basis pursuit</subfield>
   </datafield>
   <datafield tag="653" ind2=" " ind1=" ">
      <subfield code="a">stabilityestimates</subfield>
   </datafield>
   <datafield tag="653" ind2=" " ind1=" ">
      <subfield code="a">numerical simulations</subfield>
   </datafield>
   <datafield tag="653" ind2=" " ind1=" ">
      <subfield code="a">Classificació AMS::35 Partial differential equations::35Q Equations of mathematical physics and other areas of application</subfield>
   </datafield>
   <datafield tag="653" ind2=" " ind1=" ">
      <subfield code="a">Classificació AMS::65 Numerical analysis::65F Numerical linear algebra</subfield>
   </datafield>
   <datafield tag="653" ind2=" " ind1=" ">
      <subfield code="a">Classificació AMS::70 Mechanics of particles and systems::70F Dynamics of a system of particles, including celestial mechanics</subfield>
   </datafield>
   <datafield ind2="0" ind1="0" tag="245">
      <subfield code="a">Sparse identification of nonlocal interaction kernels in nonlinear gradient flow equations via partial inversion</subfield>
   </datafield>
</record></metadata></record></GetRecord></OAI-PMH>